| Tag |
First Indicator |
Second Indicator |
Subfields |
| LEADER |
00000cam a2200000 i 4500 |
| 001 |
in00001052607 |
| 005 |
20150929091109.0 |
| 008 |
761209s1975 txua b s00000 eng d |
| 035 |
|
|
|a (OCoLC)02610068
|
| 035 |
|
|
|9 AFL2101AM
|
| 040 |
|
|
|a AGL
|c AGL
|d IKM
|d UtOrBLW
|
| 049 |
|
|
|a IKMD [ ] [ ] [ ] [ ] [ ] [ ] [757703]
|
| 086 |
|
|
|a Z TA245.7 M681 no.1204
|2 txdocs
|
| 099 |
|
|
|a Z
|a TA245.7
|a M681
|a no.1204
|
| 245 |
0 |
0 |
|a Impact of short-season cotton production on producer returns, insecticide use and energy consumption :
|b Lower Rio Grande Valley of Texas /
|c James L. Larson [and others].
|
| 264 |
|
1 |
|a College Station :
|b Texas Agricultural Experiment Station,
|c 1975.
|
| 300 |
|
|
|a 15 pages :
|b illustrations ;
|c 28 cm.
|
| 336 |
|
|
|a text
|b txt
|2 rdacontent
|
| 337 |
|
|
|a unmediated
|b n
|2 rdamedia
|
| 338 |
|
|
|a volume
|b nc
|2 rdacarrier
|
| 490 |
1 |
|
|a MP ;
|v 1204
|
| 500 |
|
|
|a "June 1975"
|
| 504 |
|
|
|a Bibliography: page 15.
|
| 650 |
|
0 |
|a Cotton
|z Texas.
|
| 650 |
|
0 |
|a Cotton growing
|z Texas.
|
| 700 |
1 |
|
|a Larson, James L.
|
| 830 |
|
0 |
|a Miscellaneous publication (Texas Agricultural Experiment Station) ;
|v 1204.
|
| 830 |
|
0 |
|a MP ;
|v 1204.
|
| 999 |
|
|
|a MARS
|
| 999 |
f |
f |
|s af97adca-3449-346d-8a4c-85a5718a7f20
|i d6f6865d-c2e7-3cf5-9d9f-3b0ba3f1d43e
|t 0
|
| 952 |
f |
f |
|p normal
|a Texas A&M University
|b College Station
|c Sterling C. Evans Library
|d Evans: Texas Documents (Annex 5th floor)
|t 0
|e Z TA245.7 M681 MP1176-MP1215
|h Superintendent of Documents classification
|i unmediated -- volume
|k MP-1176-MP-1215
|l 1975:June-1975:Aug
|m A14816097452
|
| 952 |
f |
f |
|a Texas A&M University
|b College Station
|c Sterling C. Evans Library
|d Evans: Texas Documents (Annex 5th floor)
|t 0
|e Z TA245.7 M681 MP1176-MP1215
|h Superintendent of Documents classification
|
| 998 |
f |
f |
|a Z TA245.7 M681 MP1176-MP1215
|t 0
|l Evans: Texas Documents (Annex 5th floor)
|